Statistics for P Answers Quiz #1

Click here to take the quiz!

General Stats

  • This quiz has been taken 55,580 times
    (19,038 since last reset)
  • The average score is 18 of 24

Answer Stats

Clue Answer % Correct
Capital of FranceParis
100%
Jack Sparrow or Blackbeard,
for example
Pirate
94%
Leader of the Catholic churchPope
94%
Picasso's first namePablo
93%
British word for gasolinePetrol
89%
Pikachu or Bulbasaur, for examplePokémon
86%
Low value chess piecePawn
86%
Ancient Roman city buried in ashPompeii
85%
Canal that connects the Atlantic and PacificPanama
85%
Former name of IranPersia
85%
Winged horse of Greek mythologyPegasus
84%
Zodiac sign whose symbol is two fishPisces
83%
Capital of Western AustraliaPerth
82%
Light green nutPistachio
81%
Country on the Iberian PeninsulaPortugal
77%
Native American who rescued John SmithPocahontas
76%
Italian high fashion brandPrada
64%
Former country ruled by Frederick the GreatPrussia
60%
Prefix that precedes zoic, lithic,
botany, and ntology
Paleo
59%
Musical opposite of fortePiano
55%
Person who sues a defendantPlaintiff
54%
River that flows through Washington D.C.Potomac
54%
Region of southern Argentina and ChilePatagonia
53%
Primary ethnic group of AfghanistanPashtun
32%

Score Distribution

Percentile by Number Answered

Percent of People with Each Score

Your Score History

You have not taken this quiz since the last reset